Estatísticas para Países com Maior Média de Idade

Clique aqui para jogar o quiz

Estatísticas Gerais

  • Esse quiz foi jogado 3 320 vezes
  • A pontuação média é 11 de 20

Estatísticas das Respostas

Idade médiaPaís% Correto
48,6Japão
91%
46,5Itália
80%
47,8Alemanha
77%
43,9Espanha
77%
44,6Portugal
77%
45,3Grécia
57%
44,5Áustria
53%
55,4Mônaco
52%
43,6Hungria
49%
43,9Croácia
48%
44,9Eslovénia
47%
45,2San Marino
47%
46,2Andorra
46%
43,6Sérvia
45%
43,7Estônia
44%
44,4Letónia
43%
44,5Lituânia
43%
43,7Bulgária
42%
43,7Liechtenstein
40%
43,3República Checa
40%

Distribuição das Pontuações

Percentil de Números Respondidos

Porcentagem de Pessoas com Cada Pontuação

Sua Pontuação Histórica

Você não jogou esse quiz